000 01292 a2200241 4500
999 _c11369
_d11369
020 _a9789356963290
050 _aRB112.5
_bVAS 2020
100 _aVasudevan, D. M.
_eauthor
245 _aTextbook of biochemistry for medical students :
_ba clinically integrated approach with case scenarios and clinical applications /
_cD.M. Vasudevan, Sreekumari S and Kannan Vaidyanathan
250 _aTenth edition
264 _aLondon :
_bJaypee Brothers Medical Publishers.,
_c2023
300 _a894 pages :
_bcolored illustrations
336 _atext
_btxt
_2rdacontent
337 _aunmediated
_bn
_2rdamedia
338 _avolume
_bnc
_2rdacarrier
504 _aIncludes index
505 _aPart A: Qualitative Experiments Part B: Quantitative Experiments Part C: Demonstrations Part D: Miscellaneous Appendix Index
520 _aThis fully updated third edition is divided into qualitative and quantitative experiments, which the students are supposed to do by themselves in their practical classes. A few case reports are also included at the end of the book, which will be useful for the students to prepare for their practical examinations.
650 _aBiochemistry
700 _aS.Sreekumari
_eauthor
700 _aVaidyanathan,Kannan
_eauthor
942 _2lcc
_cBK
_h112.5
_iMAS
_kRB
_etenth